00445nmm a2200133Ia 4500008004100000020001800041041000800059100001700067245007200084264005500156300001800211650003100229856005100260251105s9999||||xx |||||||||||||||||und|| a9788498385588 aspa aHunter, Erin 0aLa hora más oscura :b Los gatos guerreros VI - Los cuatro clanes a[Madrid, España] :bEdiciones Salamandra, c2014 a320 páginas aTeen & Young Adult Fiction uhttps://public.digitaliapublishing.com/a/48278